00486 a2200169 45000010006000000050017000060080041000230030015000640400040000790800022001192450027001412640033001683000019002015050066002200410008002861000022002945477120260407155823.0260407a1981 arg spa dAR-UNSa-BCEJYS aAR-UNSa-BCEJYSbspacAR-UNSa-BCEJYS a316xSociología10aManual de sociología 1aBuenos Aires :bAstreac1981 a217 p.c20 cm. a1. Sociología – 2. La sociedad – 3. Los hechos sociales aspa1 aPoviña, Alfredo